| 000 | 00665nam a2200241Ia 4500 | ||
|---|---|---|---|
| 003 | OSt | ||
| 005 | 20220928112651.0 | ||
| 006 | a|||||r|||| 00| 0 | ||
| 007 | ta | ||
| 008 | 220927b |||||||| |||| 00| 0 eng d | ||
| 024 | _a82844 | ||
| 037 | _cTextual | ||
| 040 |
_aSDCL _cSDCL _beng |
||
| 041 |
_2eng _aeng |
||
| 082 | _aX:(G:55), P8 | ||
| 100 |
_aSoundarapandian M _9429153 |
||
| 245 | 0 | _aEnvironment for entrepreneurship | |
| 260 |
_aNew Delhi _bDominant Publishers & Distributors _c2008 |
||
| 300 |
_av,165p _ccm. |
||
| 650 | _aEnvironmental Economics | ||
| 942 |
_hX:(G:55), P8 _cTEXL _2CC |
||
| 999 |
_c745644 _d745644 |
||